| 000 | 00943nam a22003017a 4500 | ||
|---|---|---|---|
| 001 | 4874 | ||
| 003 | FISKH | ||
| 005 | 20250820090655.0 | ||
| 008 | 241022b cb ||||| |||| 00| 0 eng d | ||
| 020 | _a9780590464383 | ||
| 040 |
_aFISKH _beng _cFISKH _dFISKH |
||
| 050 | _aPZ8.K869 | ||
| 082 | _a813 | ||
| 100 |
_aKrensky, Stephen _d(1953-) |
||
| 245 |
_aFraidy cats / _cby Stephen Krensky Illustrated by Betsy Lewin |
||
| 250 | _aFirst printing in 1993 | ||
| 260 |
_aNew York : _bScholastic, _c1993. |
||
| 300 |
_a29 pages : _bcolor illustrations ; _c23 cm |
||
| 505 | _aJ | ||
| 520 | _aOne dark and noisy night the Fraidy Cats let their imaginations run wild, visualizing scary things from wild elephants to hungry wolves. | ||
| 521 | 8 |
_a480
_bLexile |
|
| 521 | 8 |
_aJ
_bRaz-Plus |
|
| 650 |
_2Fiction _aHalloween |
||
| 650 |
_2Bedtime _aFear |
||
| 700 |
_aLewin, Betsy _dIllustrator |
||
| 942 |
_2ddc _cBK _n0 |
||
| 999 |
_c4874 _d4874 |
||